| 000 | 00454nam a2200169 a 4500 | ||
|---|---|---|---|
| 001 | 19891 | ||
| 005 | 20180713213408.0 | ||
| 008 | 140415s1968 mx 000 0 spa d | ||
| 041 | _aspa | ||
| 082 |
_a972.08 _bCOV |
||
| 100 | 1 | _aCOVARRUBIAS, RICARDO | |
| 245 | 1 | 4 | _aLOS 67 GOBERNANTES DEL MEXICO INDEPENDIENTE |
| 250 | _a3a ed. | ||
| 260 |
_aMEXICO : _bPUBLICACIONES MEXICANAS, _c1968 |
||
| 300 | _a165 | ||
| 650 | 1 | 4 |
_aMEXICO _xHISTORIA |
| 999 |
_c19891 _d19891 |
||